000 00619cam a22002173a 4500
001 39948
003 PGUSA
005 20140828083906.0
008 120608s2012||||xxu|||||s|||||000 | eng d
040 _aPGUSA
_beng
042 _adc
100 1 _aAguado, Pedro de
245 1 0 _aHistoria de Venezuela, Tomo II
_h[electronic resource] /
_cPedro de Aguado
260 _bProject Gutenberg,
_c2012
506 _aPublic domain in the USA.
516 _aElectronic text
700 1 _aBécker, Jerónimo,
_d1857-1925
830 0 _aProject Gutenberg
_v39948
856 4 0 _uhttp://www.gutenberg.org/ebooks/39948
942 _cEB
999 _c269201
_d269201